<?xml version="1.0" encoding="UTF-8"?>
<record
    xmlns:xsi="http://www.w3.org/2001/XMLSchema-instance"
    xsi:schemaLocation="http://www.loc.gov/MARC21/slim http://www.loc.gov/standards/marcxml/schema/MARC21slim.xsd"
    xmlns="http://www.loc.gov/MARC21/slim">

  <leader>01821nam a22002897a 4500</leader>
  <controlfield tag="008">100621s1992    ua||||| |||| 00| 0 ara d</controlfield>
  <datafield tag="020" ind1=" " ind2=" ">
    <subfield code="a">9772570920</subfield>
  </datafield>
  <datafield tag="082" ind1=" " ind2=" ">
    <subfield code="2">22</subfield>
    <subfield code="b">&#x644; &#x641; &#x646;</subfield>
    <subfield code="a">336.0916</subfield>
  </datafield>
  <datafield tag="100" ind1="1" ind2=" ">
    <subfield code="9">26594</subfield>
    <subfield code="a">&#x644;&#x641;&#x646;&#x62C;&#x633;&#x62A;&#x648;&#x646; &#x60C; &#x646;&#x64A;&#x644; . &#x633;</subfield>
  </datafield>
  <datafield tag="245" ind1=" " ind2=" ">
    <subfield code="a">&#x627;&#x644;&#x642;&#x635;&#x629; &#x627;&#x644;&#x62D;&#x642;&#x64A;&#x642;&#x64A;&#x629; &#x644;&#x645;&#x646;&#x638;&#x645;&#x629; &#x627;&#x644;&#x62A;&#x62D;&#x631;&#x64A;&#x631; &#x627;&#x644;&#x641;&#x644;&#x633;&#x637;&#x64A;&#x646;&#x64A;&#x629; :</subfield>
    <subfield code="c">&#x646;&#x64A;&#x644; . &#x633;. &#x644;&#x641;&#x646;&#x62C;&#x633;&#x62A;&#x648;&#x646; &#x60C; &#x62F;&#x627;&#x641;&#x64A;&#x62F; &#x647;&#x627;&#x644;&#x641;&#x64A; &#x61B; &#x645;&#x631;&#x627;&#x62C;&#x639;&#x629; &#x648;&#x62A;&#x642;&#x62F;&#x64A;&#x645; &#x623;&#x62D;&#x645;&#x62F; &#x631;&#x627;&#x626;&#x641;</subfield>
  </datafield>
  <datafield tag="260" ind1=" " ind2=" ">
    <subfield code="a">&#x627;&#x644;&#x642;&#x627;&#x647;&#x631;&#x629; :</subfield>
    <subfield code="b">&#x627;&#x644;&#x632;&#x647;&#x631;&#x627;&#x621; &#x644;&#x644;&#x625;&#x639;&#x644;&#x627;&#x645; &#x627;&#x644;&#x639;&#x631;&#x628;&#x64A; &#x60C;</subfield>
    <subfield code="c">1992.</subfield>
  </datafield>
  <datafield tag="300" ind1=" " ind2=" ">
    <subfield code="a">381 &#x635; :</subfield>
    <subfield code="b">&#x627;&#x64A;&#x636; &#x61B;</subfield>
    <subfield code="c">24 &#x633;&#x645;.</subfield>
  </datafield>
  <datafield tag="504" ind1=" " ind2=" ">
    <subfield code="a">&#x64A;&#x634;&#x62A;&#x645;&#x644; &#x639;&#x644;&#x649; &#x625;&#x631;&#x62C;&#x627;&#x639;&#x627;&#x62A; &#x628;&#x628;&#x644;&#x64A;&#x648;&#x62C;&#x631;&#x627;&#x641;&#x64A;&#x629; 355 - 361</subfield>
  </datafield>
  <datafield tag="650" ind1="0" ind2=" ">
    <subfield code="9">14973</subfield>
    <subfield code="a">&#x645;&#x646;&#x638;&#x645;&#x629; &#x627;&#x644;&#x62A;&#x62D;&#x631;&#x64A;&#x631; &#x627;&#x644;&#x641;&#x644;&#x633;&#x637;&#x64A;&#x646;&#x64A;&#x629;</subfield>
  </datafield>
  <datafield tag="650" ind1="0" ind2=" ">
    <subfield code="9">14582</subfield>
    <subfield code="a">&#x627;&#x644;&#x645;&#x646;&#x638;&#x645;&#x627;&#x62A; &#x627;&#x644;&#x62F;&#x648;&#x644;&#x64A;&#x629;</subfield>
  </datafield>
  <datafield tag="650" ind1="0" ind2=" ">
    <subfield code="9">14974</subfield>
    <subfield code="a">&#x627;&#x644;&#x645;&#x646;&#x638;&#x645;&#x627;&#x62A; &#x627;&#x644;&#x639;&#x631;&#x628;&#x64A;&#x629; &#x627;&#x644;&#x645;&#x62A;&#x62E;&#x635;&#x635;&#x629;</subfield>
  </datafield>
  <datafield tag="650" ind1="0" ind2=" ">
    <subfield code="9">8530</subfield>
    <subfield code="a">&#x627;&#x644;&#x642;&#x636;&#x64A;&#x629; &#x627;&#x644;&#x641;&#x644;&#x633;&#x637;&#x64A;&#x646;&#x64A;&#x629;</subfield>
  </datafield>
  <datafield tag="650" ind1="0" ind2=" ">
    <subfield code="9">8291</subfield>
    <subfield code="a">&#x627;&#x644;&#x641;&#x62F;&#x627;&#x626;&#x64A;&#x648;&#x646; &#x627;&#x644;&#x641;&#x644;&#x633;&#x637;&#x64A;&#x646;&#x64A;&#x648;&#x646;</subfield>
  </datafield>
  <datafield tag="650" ind1="0" ind2=" ">
    <subfield code="9">26598</subfield>
    <subfield code="a">&#x641;&#x644;&#x633;&#x637;&#x64A;&#x646;</subfield>
    <subfield code="x">&#x623;&#x62D;&#x648;&#x627;&#x644; &#x633;&#x64A;&#x627;&#x633;&#x64A;&#x629;</subfield>
    <subfield code="y">&#x627;&#x644;&#x639;&#x635;&#x631; &#x627;&#x644;&#x62D;&#x62F;&#x64A;&#x62B;|&#x627;&#x644;&#x625;&#x62D;&#x62A;&#x644;&#x627;&#x644; &#x627;&#x644;&#x635;&#x647;&#x64A;&#x648;&#x646;&#x649;</subfield>
  </datafield>
  <datafield tag="700" ind1="1" ind2=" ">
    <subfield code="9">14930</subfield>
    <subfield code="a">&#x647;&#x627;&#x644;&#x641;&#x64A;&#x60C; &#x62F;&#x627;&#x641;&#x64A;&#x62F;</subfield>
  </datafield>
  <datafield tag="700" ind1="1" ind2=" ">
    <subfield code="9">14931</subfield>
    <subfield code="a">&#x631;&#x627;&#x626;&#x641; &#x60C; &#x623;&#x62D;&#x645;&#x62F;</subfield>
    <subfield code="e">&#x645;&#x631;&#x627;&#x62C;&#x639;&#x629; &#x648;&#x62A;&#x642;&#x62F;&#x64A;&#x645;</subfield>
  </datafield>
  <datafield tag="710" ind1=" " ind2=" ">
    <subfield code="9">14932</subfield>
    <subfield code="a">&#x645;&#x631;&#x643;&#x632; &#x627;&#x644;&#x62F;&#x631;&#x627;&#x633;&#x627;&#x62A; &#x648;&#x627;&#x644;&#x62A;&#x631;&#x62C;&#x645;&#x629; &#x628;&#x627;&#x644;&#x632;&#x647;&#x631;&#x627;&#x621; &#x644;&#x644;&#x625;&#x639;&#x644;&#x627;&#x645; &#x627;&#x644;&#x639;&#x631;&#x628;&#x64A;</subfield>
  </datafield>
  <datafield tag="942" ind1=" " ind2=" ">
    <subfield code="2">ddc</subfield>
    <subfield code="c">BB</subfield>
  </datafield>
  <datafield tag="999" ind1=" " ind2=" ">
    <subfield code="c">14140</subfield>
    <subfield code="d">14140</subfield>
  </datafield>
  <datafield tag="952" ind1=" " ind2=" ">
    <subfield code="0">0</subfield>
    <subfield code="1">0</subfield>
    <subfield code="2">ddc</subfield>
    <subfield code="3">Lost_In_Inventory_11-6-2024</subfield>
    <subfield code="4">0</subfield>
    <subfield code="7">0</subfield>
    <subfield code="8">Baccah</subfield>
    <subfield code="a">MAIN</subfield>
    <subfield code="b">MAIN</subfield>
    <subfield code="c">1ST</subfield>
    <subfield code="d">2010-06-21</subfield>
    <subfield code="e">purchase</subfield>
    <subfield code="o">336.0916 &#x644; &#x641; &#x646;</subfield>
    <subfield code="p">000020891</subfield>
    <subfield code="r">2025-07-15 00:00:00</subfield>
    <subfield code="y">BB</subfield>
  </datafield>
  <datafield tag="952" ind1=" " ind2=" ">
    <subfield code="0">0</subfield>
    <subfield code="1">0</subfield>
    <subfield code="2">ddc</subfield>
    <subfield code="4">0</subfield>
    <subfield code="7">0</subfield>
    <subfield code="8">Alef-Baa</subfield>
    <subfield code="a">MAIN</subfield>
    <subfield code="b">MAIN</subfield>
    <subfield code="c">1ST</subfield>
    <subfield code="d">2011-08-08</subfield>
    <subfield code="e">purchase</subfield>
    <subfield code="o">336.0916 &#x644; &#x641; &#x646;</subfield>
    <subfield code="p">000023961</subfield>
    <subfield code="r">2025-07-15 00:00:00</subfield>
    <subfield code="y">BB</subfield>
  </datafield>
  <datafield tag="952" ind1=" " ind2=" ">
    <subfield code="0">0</subfield>
    <subfield code="1">0</subfield>
    <subfield code="2">ddc</subfield>
    <subfield code="4">0</subfield>
    <subfield code="7">0</subfield>
    <subfield code="8">Alef-Baa</subfield>
    <subfield code="a">MAIN</subfield>
    <subfield code="b">MAIN</subfield>
    <subfield code="c">1ST</subfield>
    <subfield code="d">2011-09-13</subfield>
    <subfield code="e">purchase</subfield>
    <subfield code="o">336.0916 &#x644; &#x641; &#x646;</subfield>
    <subfield code="p">000024638</subfield>
    <subfield code="r">2025-07-15 00:00:00</subfield>
    <subfield code="y">BB</subfield>
  </datafield>
</record>
